Mathematical topics in population genetics /

Guardado en:
Otros Autores: Kojima, Ken-ichi. (Editor )
Formato: Libro
Idioma:English
Publicado: Berlin : Springer-Verlag, 1970.
Series:Biomathematics ; v. 1
Materias:
Etiquetas: Agregar Etiqueta
Sin Etiquetas, Sea el primero en etiquetar este registro!
LEADER 00679nam a2200205 a 4500
001 MAT.inmabb003498
008 710112s1970####gw#a#####b####000#0#eng##
005 20130225121240.0
245 1 0 |a Mathematical topics in population genetics /  |c edited by Ken-ichi Kojima. 
260 |a Berlin :  |b Springer-Verlag,  |c 1970. 
300 |a vi, 400 p. :  |b il. ;  |c 24 cm. 
440 0 |a Biomathematics ;  |v v. 1 
504 |a Incluye referencias bibliográficas. 
510 4 |a MR,  |c 43 #5932 
700 1 |a Kojima, Ken-ichi.  |4 edt 
650 0 |a Population genetics  |x Mathematical models. 
084 |a 92Dxx  |2 msc2000 
010 |a  78103329  
040 |a DLC  |c DLC  |d DLC 
859 |h 92  |i M426  |p A-4287  |b BIB. MATEMATICA